Research methods for leisure and tourism : (Record no. 14438)
[ view plain ]
| 000 -LEADER | |
|---|---|
| fixed length control field | 00795nam a2200241 a 4500 |
| 003 - CONTROL NUMBER IDENTIFIER | |
| control field | PILC |
| 005 - DATE AND TIME OF LATEST TRANSACTION | |
| control field | 20150112093432.0 |
| 008 - FIXED-LENGTH DATA ELEMENTS--GENERAL INFORMATION | |
| fixed length control field | 110623s19uu xx 00 eng d |
| 010 ## - LIBRARY OF CONGRESS CONTROL NUMBER | |
| LC control number | 2005052648 |
| 020 ## - INTERNATIONAL STANDARD BOOK NUMBER | |
| International Standard Book Number | 9780273682004 |
| 050 ## - LIBRARY OF CONGRESS CALL NUMBER | |
| Classification number | GV 14.5 |
| Item number | .V394 2006 |
| 082 ## - DEWEY DECIMAL CLASSIFICATION NUMBER | |
| Classification number | HSF 790.072 |
| Item number | V38 2006 |
| 100 ## - MAIN ENTRY--PERSONAL NAME | |
| Personal name | Veal, Anthony James |
| 9 (RLIN) | 12990 |
| 245 ## - TITLE STATEMENT | |
| Title | Research methods for leisure and tourism : |
| Remainder of title | a practical guide / |
| Statement of responsibility, etc | A.J. Veal. |
| 250 ## - EDITION STATEMENT | |
| Edition statement | 3rd ed. |
| 260 ## - PUBLICATION, DISTRIBUTION, ETC. (IMPRINT) | |
| Place of publication, distribution, etc | New York : |
| Name of publisher, distributor, etc | Financial Times, Prentice Hall, |
| Date of publication, distribution, etc | 2006. |
| 300 ## - PHYSICAL DESCRIPTION | |
| Extent | 421 pages : |
| Other physical details | illustration ; |
| -- | illustration ; |
| Dimensions | 26 cm. |
| 500 ## - GENERAL NOTE | |
| General note | Includes bibliographical references and indexes. |
| 650 ## - SUBJECT ADDED ENTRY--TOPICAL TERM | |
| Topical term or geographic name as entry element | Leisure |
| General subdivision | Research |
| 9 (RLIN) | 12991 |
| 650 ## - SUBJECT ADDED ENTRY--TOPICAL TERM | |
| Topical term or geographic name as entry element | Tourism |
| General subdivision | Research |
| 9 (RLIN) | 12992 |
| 650 ## - SUBJECT ADDED ENTRY--TOPICAL TERM | |
| Topical term or geographic name as entry element | Research |
| General subdivision | Methodology |
| 9 (RLIN) | 12993 |
| 942 ## - ADDED ENTRY ELEMENTS (KOHA) | |
| Source of classification or shelving scheme | Library of Congress Classification |
| Koha item type | Books |
| Withdrawn status | Lost status | Source of classification or shelving scheme | Damaged status | Home library | Current library | Shelving location | Date acquired | Total Checkouts | Full call number | Barcode | Date last seen | Copy number | Price effective from | Koha item type |
|---|---|---|---|---|---|---|---|---|---|---|---|---|---|---|
| Library of Congress Classification | Southville International School Affiliated with Foreign Universities Library | Southville International School Affiliated with Foreign Universities Library | Southville Foreign University Section | 08/24/2013 | GV 14.5 .V394 2006 | SFU1464 | 05/15/2018 | 1 | 08/24/2013 | Books |